Datum a čas kvízu
20.5
Celkem bodů
Celkový počet nahraných bodů na tomto kvízu bez doplňovacích otázek.
7.
Pořadí na kvízu
Konečné umístění týmu na tomto kvízu.
Zaznamenané odpovědi
| # | Otázka | Odpověď | Body | Výsledky |
|---|---|---|---|---|
| 1. | Jistá velká česká společnost o... | 1 | ||
| 2. | Český europoslanec, zvolený za... | 0 | ||
| 3. | Nejstreamovanější kapela roku... | 0 | ||
| 4. | Další výrobce luxusních vozů o... | 1 | ||
| 5. | Londýnský fotbalový klub Fulha... | 0 | ||
| 5. | Jak se jmenuje herečka v roli... | 1 | ||
| 5. | Herečku Hanu Vagnerovou můžeme... | 1 | ||
| 8. | Česká snowboardistka Eva Samko... | 1 | ||
| 5. | Jak se jmenuje značka, s níž j... | 1 | ||
| 10. | Přiřaďte jména známých osobnos... | 1 |